Plan maestro ambiental la Boquita
Esta tesis presenta el Plan Maestro Ambiental de la Boquita que consta de las siguientes etapas: 1.- Etapa de sección, donde se escoge un centro costero vinculado a la actividad turística y con problemas ambientales relevantes. Recolección de información, documentación del área. Elaboración d...
| Main Authors: | , , |
|---|---|
| Other Authors: | |
| Format: | Tesis Section = Libro |
| Language: | Undetermined Spanish |
| Published: |
Managua
UNI
1998
|
| Subjects: |
| LEADER | 01479nam a2200253Ia 4500 | ||
|---|---|---|---|
| 008 | 240830s9999 xx 000 0 und d | ||
| 040 | |a BIBLIOTECA-RUSB/ T.Mon 711.3 S127 | ||
| 041 | |a spa | ||
| 082 | |a T.Mon 711.3 S127 | ||
| 100 | 1 | |a Saenz Bucadardo, Reina María | |
| 100 | 1 | |b Rocha García Marvin A | |
| 100 | 1 | |c Matus Vega Federico José | |
| 245 | 1 | 0 | |a Plan maestro ambiental la Boquita |
| 260 | |a Managua |b UNI |c 1998 | ||
| 300 | |a 86 p. :il. | ||
| 502 | |a Tesis (Arquitecto) - UNI, 1998. | ||
| 520 | 3 | |a Esta tesis presenta el Plan Maestro Ambiental de la Boquita que consta de las siguientes etapas: 1.- Etapa de sección, donde se escoge un centro costero vinculado a la actividad turística y con problemas ambientales relevantes. Recolección de información, documentación del área. Elaboración del diagnóstico, donde se presenta una síntesis y organización de la información recopilada. Presentación del plan de ordenamiento ambiental que consta de la planificación y ordenamiento integral costero, planificación de zonas costeras, plan de ordenamiento ambiental la boquita y la planificación sectorial de la misma. Etapa de Estudio de Impacto Ambiental. | |
| 650 | 7 | |a PLANES Y PLANIFICACION ESTATAL Y PROVICIAL-ZONAS COSTERAS (BOQUITA) | |
| 650 | 7 | |b PROTECCION DEL MEDIO AMBIENTE | |
| 650 | 7 | |c IMPACTO AMBIENTAL-ANALISIS | |
| 700 | 1 | |a Tutor: |b Mendoza Velásquez, Francisco Antonio | |
| 942 | |c BK |2 ddc | ||
| 991 | |a TESIS | ||
| 999 | |c 21975 | ||